00288nam a2200109 a 450000500170000000800410001705000170005810000200007524500310009526000460012644000060017220140414132113.0101022s19uu xx 00 eng d aTRbIf9 2005 aNumeroff, Laura aIf you give a pig a party. aNew York :bLaura Geringer books,c2005. a